000 00313nam a22001337a 4500
008 180301b xxu||||| |||| 00| 0 eng d
020 _a9780873674782
041 _aeng
080 _a316
100 _a50
101 _aSOC
245 _aWomen in Cross-Cultural Transitions
_cBystydzienski, J.M
942 _2udc
_cBK
999 _c43771
_d43771